Hệ thống hóa các văn bản pháp quy về quy hoạch xây dựng nhà ở và đất đai (Văn bản mới nhất)
Sách hướng dẫn và hệ thống hóa những quy định cụ thể trong các lĩnh vực: Quy hoạch xây dựng; quy hoạch đầu tư và xây dựng; quy hoạch về quản lý sử dụng, mua bán chuyển dịch nhà đất; thuê nhà và cho người nước ngoài thuê nhà; thuế nhà đa...
Đã lưu trong:
| 格式: | 圖書 |
|---|---|
| 語言: | Undetermined |
| 出版: |
Hà Nội
Thống Kê
1998
|
| 主題: | |
| 標簽: |
添加標簽
沒有標簽, 成為第一個標記此記錄!
|
| Thư viện lưu trữ: | Trung tâm Học liệu Trường Đại học Cần Thơ |
|---|
| LEADER | 01484nam a2200169Ia 4500 | ||
|---|---|---|---|
| 001 | CTU_22553 | ||
| 008 | 210402s9999 xx 000 0 und d | ||
| 082 | |a 346.597043 | ||
| 082 | |b H250 | ||
| 245 | 0 | |a Hệ thống hóa các văn bản pháp quy về quy hoạch xây dựng nhà ở và đất đai (Văn bản mới nhất) | |
| 260 | |a Hà Nội | ||
| 260 | |b Thống Kê | ||
| 260 | |c 1998 | ||
| 520 | |a Sách hướng dẫn và hệ thống hóa những quy định cụ thể trong các lĩnh vực: Quy hoạch xây dựng; quy hoạch đầu tư và xây dựng; quy hoạch về quản lý sử dụng, mua bán chuyển dịch nhà đất; thuê nhà và cho người nước ngoài thuê nhà; thuế nhà đất, lệ phí trước bạ; quản lý sử dụng đất đai; quyền và nghĩa vụ của người sử dụng đất; thủ tục giao đất, thuê đất, thu hồi đất; khung giá các loại đất, thuế chuyển quyền sử dụng đất, tiền sử dụng đất; đền bù thiệt hại khi nhà nước thu hồi đất; giải quyết tranh chấp và xử lý vi phạm về quản lý và sử dụng đất đai... | ||
| 650 | |a Civil law,Housing,Land use | ||
| 650 | |x Law and legislation,Law and legislation | ||
| 980 | |a Trung tâm Học liệu Trường Đại học Cần Thơ | ||